| 000 | 00743nam a22002057a 4500 | ||
|---|---|---|---|
| 999 |
_c11733 _d11733 |
||
| 003 | AR-CdUCM | ||
| 008 | 190404b ||||| |||| 00| 0 spa d | ||
| 040 |
_aMUNICIPALIDAD PROVINCIAL DEL CUSCO _cBIBLIOTECA MUNICIPAL DEL CUSCO |
||
| 082 |
_a333.985 / _bS38 / 1927 |
||
| 100 |
_aSemeur, Candido _929228 |
||
| 245 | _aLa liberación de la tierra / | ||
| 260 |
_aBuenos Aires : _bGleizer, _c1927. |
||
| 300 |
_a98 páginas ; _c16 cm. |
||
| 505 | _aContenido : Palabras iniciales -- La enfiteusis rivadaviana -- Ventajas de la enfiteusis -- Algunas consideraciones doctrinarias ... | ||
| 650 |
_aLiberación de la tierra _929229 |
||
| 650 |
_aSociología _9276 |
||
| 650 |
_aSociales _928612 |
||
| 942 |
_2ddc _cLIBROS |
||
| 945 |
_arah _d04/04/2019 |
||